| 000 | 01617nam a2200313 4500 | ||
|---|---|---|---|
| 001 | 162 | ||
| 003 | OSt | ||
| 005 | 20250528074013.0 | ||
| 008 | 250129b |||||||g |||| 00| 1 eng d | ||
| 020 | _a9788580417234 | ||
| 040 | _bpor | ||
| 041 |
_heng _apor |
||
| 082 |
_a813 _bC655g |
||
| 100 | 1 |
_aCoben, Harlan, _d1962- _9309 |
|
| 240 | _aFool me once | ||
| 245 |
_aA grande ilusão / _cCoben, Harlan ; Tradução de Marcelo Mendes |
||
| 260 |
_aSão Paulo _bArqueiro _c2017 |
||
| 300 | _a301 p. | ||
| 520 | _aMaya Stern é uma ex-piloto de operações especiais que voltou recentemente da guerra. Um dia, ela vê uma imagem impensável capturada pela câmera escondida em sua casa: a filha de 2 anos brincando com Joe, seu falecido marido, brutalmente assassinado duas semanas antes. Tentando manter a sanidade, Maya começa a investigar, mas todas as descobertas só levantam mais dúvidas. Conforme os dias passam, ela percebe que não sabe mais em quem confiar, até que se vê diante da mais importante pergunta: é possível acreditar em tudo o que vemos com os próprios olhos, mesmo quando é algo que desejamos desesperadamente? Para encontrar a resposta, Maya precisará lidar com os segredos profundos e as mentiras de seu passado antes de encarar a inacreditável verdade sobre seu marido – e sobre si mesma. | ||
| 650 | 0 |
_aLiteratura Americana _984 |
|
| 650 | 0 |
_aCrime e Investigação _913 |
|
| 650 | 0 |
_aMistério _942 |
|
| 650 | 0 |
_aSuspense _910 |
|
| 650 | 0 |
_aFilme _926 |
|
| 655 | 0 |
_aRomance _923 |
|
| 655 | 0 |
_aFicção _922 |
|
| 700 |
_aMarcelo Mendes _eTradutor _9255 |
||
| 942 |
_2ddc _n0 _cBK |
||
| 999 |
_c162 _d162 |
||